000 00416nam a2200133Ia 4500
003 GCL
008 140319s9999 xx 000 0 ara d
040 _aGCL /
_cGCL
082 0 4 _a321.04
_bب ا
245 1 0 _aالامم المتحدة من الحرب الباردة الى النظام العالمى الجديد
260 _a[S.N] :
_bدار المستقبل العربى ،
_c1994
300 _a171 ص
490 _a
999 _c34868
_d34868